| 000 | 00549nam a2200157Ia 4500 | ||
|---|---|---|---|
| 008 | 170221s9999 xx 000 0 und d | ||
| 100 | _aB. Z. Li | ||
| 245 | 3 | _aAn Energy Approximation Model Based on Restricted Isometry Property in Compressive Spectrum Sensing for Cognitive Radio | |
| 245 | _cB. Z. Li, J. H. Shao, and G. N. Wang | ||
| 260 | _bJournal of Communications | ||
| 260 | _c2014 | ||
| 300 | _a34 : 4 | ||
| 650 | _xCommunication | ||
| 650 | _xMedia Arts | ||
| 856 | _uhttp://www.jocm.us/index.php?m=content&c=index&a=lists&catid=148 | ||
| 999 |
_c310766 _d310766 |
||